000 00692cam a2200205 a 4500
003 OSt
005 20150729120022.0
008 980603s1998 nyua b 001 0 eng
020 _a030645985X
040 _aSEKU
050 0 0 _aRC 685.C53
_b.S5 1998
100 1 _aSilver, Marc A.
245 1 0 _aSuccess with heart failure :
_bhelp and hope for those with congestive heart failure /
_cMarc A. Silver ; foreword by Lynne Warner Stevenson.
250 _aNew ed.
260 _aNew York :
_bInsight Books,
_cc1998.
300 _axviii, 252 p. :
_bill. ;
_c23 cm.
504 _aIncludes bibliographical references and index.
650 0 _aCongestive heart failure
_xPopular works.
942 _2lcc
_cGEN
999 _c7597
_d7597